| 000 | 00613nam a2200181Ia 4500 | ||
|---|---|---|---|
| 003 | GCL | ||
| 008 | 140319s9999 xx 000 0 ara d | ||
| 040 |
_aGCL / _cGCL |
||
| 082 | 0 | 4 |
_a791.43 _bس ح |
| 100 | 1 | _aسمير فريد | |
| 245 | 1 | 0 |
_aحلقة البحث الثالثة تاريخ السينما العربية الناطقة / _cسمير فريد |
| 700 | 1 | _aالاتحاد العام للفنانين العرب | |
| 260 |
_a[S.N] : _bالاتحاد العام للفنانين العرب ، _c1994 |
||
| 490 | _a | ||
| 650 | 0 | 4 | _aالسينما |
| 650 | 0 | 4 | _aتاريخ ونقد |
| 942 |
_2ddc _cBK |
||
| 999 |
_c35656 _d35656 |
||